000 01027naa a22002897a 4500
001 BR8903230
003 BR-BrBNA
005 20240918180455.0
007 ta
008 230509b bl.||||| |||| 00| 0 por d
040 _aBR-BrBNA
_bpor
_cBiblioteca Nacional de Agricultura
041 _a(Pt)
072 _aF30
_b0170
_bG514
090 _aF30 BR8903230
100 1 _aMartins, R.M.
111 1 _a16. Reuniao Tecnica Anual do Sorgo
_cPelotas, RS (Brazil)
_d11-14 Aug 1987
245 1 _aEnsaio nacional de sorgo granifero, Cruz Alta, RS - 1986/87
260 3 _aCapao do Leao, RS (Brasil):
_c1987.
500 _aAnais da 16. Reuniao Tecnica Anual do Sorgo Capao do Leao, RS (Brasil): 1987. p. 76-79 (BR8903230-AM)F30
650 _aSORGO GRANIFERO
650 _aCOMPETICAO DE VARIEDADE
650 _aRENDIMENTO
650 _aCRUZ ALTA
773 0 _tAnais da 16. Reuniao Tecnica Anual do Sorgo
_wF30 BR8903230
_gCapao do Leao, RS (Brasil), 1987. p. 76-79
909 _a202404
_bLucia
_c55
_dLucia Elande
942 _cAM
_2AGRIS
999 _c320561
_d320561